| 000 | 01535nam a22002657a 4500 | ||
|---|---|---|---|
| 003 | OSt | ||
| 005 | 20250127182309.0 | ||
| 008 | 250127b ||||| |||| 00| 0 spa d | ||
| 020 | _a9786287574052 | ||
| 040 | _cCO-Mq BPB | ||
| 041 | _aspa | ||
| 082 |
_aAN _bTOLs |
||
| 100 |
_aTolkien, J.R.R. _e1892-1973 |
||
| 245 |
_aEl señor de los anillos: _bEl retorno del rey / J. R. R. Tolkien. |
||
| 250 | _aVol.3 | ||
| 264 |
_aBogotá: _bPlaneta; _c2022 |
||
| 300 |
_a603 páginas: _bTapa blanda _c19 cm |
||
| 521 | _aEmpieza tu viaje a la Tierra Media.Los libros que han inspirado la nueva serie EL SEÑOR DE LOS ANILLOS: LOS ANILLOS DEL PODER.La tercera entrega de la trilogía El Señor de los Anillos.Los ejércitos del Señor Oscuro van extendiendo cada vez más su maléfica sombra por la Tierra Media. Hombres, elfos y enanos unen sus fuerzas para presentar batalla a Sauron y sus huestes. Ajenos a estos preparativos, Frodo y Sam siguen adentrándose en el país de Mordor en su heroico viaje para destruir el Anillo de Poder en las Grietas del Destino.«Un final triunfante… un gran trabajo, tanto en la concepción como en la ejecución.» —Daily Telegraph«Un trabajo extraordinariamente imaginativo, parte saga, parte alegoría, y emocionante en su totalidad.» —The Times | ||
| 650 |
_aNovela fantástica inglesa _ySiglo XX |
||
| 650 | _aLiteratura adulto | ||
| 650 | _aNovela clásica de fantasía heroica | ||
| 700 |
_aHorne, Matilde _etraductora |
||
| 700 |
_aDoménech, Luis _etraductor |
||
| 942 |
_2ddc _cBK |
||
| 999 |
_c15767 _d15767 |
||